000 01061nam a2200265 c 4500
003 BLK
005 20180413130703.0
008 180409b bul|||||r ||||||| ||bul||
010 _aKNG00120738000
040 _aBLK
041 _aRUS
_cRUS
080 _aПриложно изкуство. Художествени занаяти. Интериор. Дизайн. Играчки. Худож. пространствено оформление
_b745/749
_x
_z745/749
139 _aНародные мастера
_bН 25
245 1 0 _aНародные мастера
_bТрадиции ; Школы : Вып. 1 -
_nВып. 1
257 _aSUN
260 Москва
_bИзобраз. искусство
_c1985
300 _c24 см
380 _a7
760 1 _d1985
_h296 с. : с ил.
_tВып. 1
852 _aЦб 127516
856 4 _qpdf
_u
856 4 _qpdf
_u
942 _cKNG
_n0
944 _aCR
_c11.01.2011
_lдобави в АБ / 10.01.2011
_kНаталия_Любомирова
944 _aED
_c17.11.2015
_lдобави в АБ / 10.01.2011
_kНора_Радева
999 _c115261
_d115261